Online
Catalog

V congreso interdisciplinario de investigación científica: (Record no. 47968)

MARC details
000 -CABECERA
campo de control de longitud fija 01013nam a2200241 a 4500
001 - NÚMERO DE CONTROL
campo de control 000048480
003 - IDENTIFICADOR DEL NÚMERO DE CONTROL
campo de control DO-SdBNP
005 - FECHA Y HORA DE LA ÚLTIMA TRANSACCIÓN
campo de control 20230203144028.0
007 - CAMPO FIJO DE DESCRIPCIÓN FÍSICA--INFORMACIÓN GENERAL
campo de control de longitud fija ta
008 - DATOS DE LONGITUD FIJA--INFORMACIÓN GENERAL
campo de control de longitud fija 190322e2009 dr fr 000 0 spa d
040 ## - FUENTE DE LA CATALOGACIÓN
Centro catalogador/agencia de origen DO-SdBNP
Lengua de catalogación spa
Centro/agencia transcriptor BNPHU
082 #4 - NÚMERO DE LA CLASIFICACIÓN DECIMAL DEWEY
Número de clasificación 001.42
Número de documento/Ítem C749q
Número de edición 22
111 2# - ENTRADA PRINCIPAL--NOMBRE DE CONGRESO/REUNIÓN
Nombre de congreso/reunión o jurisdicción como elemento de entrada Congreso Interdisciplinario de Investigación Científica.
Número del congreso/reunión o número de parte o sección (5 :
Fecha del congreso/reunión 2009 :
Sede del congreso/Lugar de la reunión Santo Domingo )
9 (RLIN) 75900
245 10 - MENCIÓN DE TÍTULO
Título V congreso interdisciplinario de investigación científica:
Medio "vcic". /
Mención de responsabilidad, etc. Presentación, Ligia A. Melo de Cardona
246 14 - FORMA VARIANTE DE TÍTULO
Título propio/Titulo breve Quinto congreso interdisciplinario de investigación científica :
Resto del título programa y libro de resúmenes
260 ## - PUBLICACIÓN, DISTRIBUCIÓN, ETC.
Lugar de publicación, distribución, etc. Santo Domingo :
Nombre del editor, distribuidor, etc. SEESyT,
Fecha de publicación, distribución, etc. 2009
300 ## - DESCRIPCIÓN FÍSICA
Extensión 73 p. ;
Dimensiones 28 cm.
590 ## - NOTA LOCAL (RLIN)
Nota local Inventariado, 2019/BT
650 #4 - PUNTO DE ACCESO ADICIONAL DE MATERIA--TÉRMINO DE MATERIA
Término de materia o nombre geográfico como elemento de entrada Investigaciones científica
Subdivisión general Congresos, confeencias, etc.
9 (RLIN) 75901
700 #2 - PUNTO DE ACCESO ADICIONAL--NOMBRE DE PERSONA
9 (RLIN) 27174
Nombre de persona Melo de Cardona, Ligia Amada
Término indicativo de función/relación present.
710 2# - PUNTO DE ACCESO ADICIONAL--NOMBRE DE ENTIDAD CORPORATIVA
Nombre de entidad corporativa o nombre de jurisdicción como elemento de entrada Ministerio de Educación Superior Ciencia y Tecnología (República Dominicana).
9 (RLIN) 56809
942 ## - ELEMENTOS DE PUNTO DE ACCESO ADICIONAL (KOHA)
Fuente del sistema de clasificación o colocación Dewey Decimal Classification
Tipo de ítem Koha Libro
Holdings
Estado de retiro Estado de pérdida Fuente del sistema de clasificación o colocación Restricciones de uso No para préstamo Código de colección Localización permanente Ubicación/localización actual Ubicación en estantería Fecha de adquisición Signatura topográfica completa Código de barras Fecha visto por última vez Precio válido a partir de Tipo de ítem Koha Número de copia
    Dewey Decimal Classification Excluido de préstamo   Patrimonio Dominicano Biblioteca Nacional Pedro Henríquez Ureña Biblioteca Nacional Pedro Henríquez Ureña Depósito 22.03.2019 001.42 C749q 48480-10 25.06.2020 25.06.2020 Libro  
    Dewey Decimal Classification Excluido de préstamo   Patrimonio Dominicano Biblioteca Nacional Pedro Henríquez Ureña Biblioteca Nacional Pedro Henríquez Ureña Depósito 03.02.2023 001.42 C749q 2023-0659 03.02.2023 03.02.2023 Libro e.2

Powered by Koha